|
|
|
|
| LEADER |
00000nam a22000007a 4500 |
| 008 |
191206b2006 cr ||||| |||| 00| | spa d |
| 999 |
|
|
|c 3822
|d 3822
|
| 090 |
|
|
|a 06.05.01
|b 1334
|
| 100 |
1 |
|
|9 2737
|a Zúñiga Sánchez, José
|
| 245 |
1 |
0 |
|a Producción de módulos de capacitación multimediales: La inclusión del niño y la niña con necesidades educativas especiales en el aula de preescolar /
|c José Manuel Zuñiga Sánchez
|
| 260 |
|
|
|a San José, Costa Rica :
|b INIE,
|c 2006
|
| 300 |
|
|
|a 30 páginas
|
| 500 |
|
|
|a Proyecto de Acción Social ED-1559
|
| 650 |
|
0 |
|9 1470
|a CURSOS DE CAPACITACIÓN
|
| 650 |
|
0 |
|9 1
|a EDUCACIÓN
|
| 942 |
|
|
|i 002231
|h 06.05.01 1334
|2 z
|c 04
|